[Event "E World Chess Cup"]
[Site "FIDE"]
[Date "2015.09.21"]
[Round "29.8"]
[White "Wei, Yi"]
[Black "Ding, Liren"]
[Result "1-0"]
[WhiteElo "2734"]
[BlackElo "2782"]
[EventDate "2015.??.??"]
[Annotator "Bojkov,Dejan"]
[PlyCount "159"]
[Beauty "5362153431075"]
[EventType "team-tourn"]
[EventCountry "FID"]
[WhiteClock "0:02:45"]
[BlackClock "0:00:58"]

{[Annotations by GM Dejan Bojkov]} 
1.e4 e5 2.Nf3 Nc6 3.Bb5 a6 4.Ba4 Nf6 5.O-O Be7 6.d3 {The Anti-Marshall is almost a must at top level.} 6...b5 7.Bb3 d6 8.a3 O-O 9.Nc3 h6 {Black has plenty of choice in the current situation. Ding Liren had successfully tried:} ( 9...Nb8 10.Ne2 c5 11.Ng3 Nc6 12.c3 Be6 13.Bxe6 fxe6 14.b4 Qd7 {in the fresh game Malakhov,V (2706)-Ding,L (2755) China 2015} ) 10.h3 Re8 11.Bd2 Bf8 {A novelty. Black supports the e5 pawn, opens the e7-square for the knight and prepares the fianchettoe of his dark-squared bishop.} ( {Previously only} 11...Rb8 {has been tested with the usual slight edge for White after} 12.Nd5 Bf8 13.Ne3 Be6 14.Bxe6 Rxe6 15.Nd5 Ne7 16.Nxf6+ Rxf6 17.b4 {Miranda Mesa,E (2416)-Becerra Rivero,J (2546) Merida 2014} ) 12.a4 Rb8 ( {In the spirit of Black's previous move was the following play in the center:} 12...Na5 $5 13.Ba2 b4 14.Ne2 d5 {with counterplay.} ) 13.axb5 axb5 14.Re1 {Wei Yi can be satisfied with the opening. He has a slight but long-lasting advantage thanks to his Spanish bishop and the open a-file.} 14...Be6 15.Nd5 Nd7 {This prepares the following maneuver. The capture} ( 15...Bxd5 16.exd5 Ne7 17.c4 {is less convinicng as Black has a hard time organizing his forces on the kingside.} ) 16.c3 Ne7 {Now Ne7xd5 is a positional threat, thus...} 17.Ne3 $1 Bxb3 18.Qxb3 {Black managed to trade a pair of light pieces but he is not yet equal as his dark-squared bishop can do better.} 18...Ng6 19.g3 Nc5 20.Qc2 Qd7 21.b4 Ne6 22.d4 {Probably a bit premature. White is steadily better if he plays along the a file:} ( 22.Ra7 Ra8 23.Rea1 Qc6 24.Qa2 Rxa7 25.Qxa7 ) 22...exd4 23.cxd4 c5 $1 {Ding Liren is practically sacrificing this pawn but in return gets play along the c- and e-files.} 24.d5 Nd4 ( {Or the Benoni-style play with} 24...Ng5 25.Nxg5 hxg5 26.Kg2 Ne5 {where White is better.} ) 25.Nxd4 cxd4 26.Nf5 {Now the d4-pawn is practically doomed, but Black can organize threats while White is taking care of it.} 26...Ne5 27.Kg2 Rbc8 28.Qb3 d3 29.Ra2 ( 29.Rac1 $5 ) 29...Ra8 {Too slow. The correct way was} ( 29...g6 $1 {and after} 30.Nxh6+ Bxh6 31.Bxh6 f5 $1 {Black gets counterplay on the light squares. For example} 32.Bf4 ( 32.exf5 $6 Qxf5 ) ( 32.f4 $6 Nf7 $1 ) 32...fxe4 33.Rxe4 Qf5 {followed by Rc8-c2. In these lines Black makes good use of the doomed d3 pawn.} ) 30.Rea1 ( 30.Rxa8 Rxa8 31.Bf4 {looks simpler.} ) 30...Rxa2 31.Rxa2 Qc8 $6 {Only this move makes Black's position really suspicious. Correct was} ( 31...Qc7 $1 {as the queen is placed nicely along the seventh rank, ready to attack along both the c- and e-files.} 32.Ne3 ( 32.f3 g6 33.Nd4 Qc4 $1 ) 32...Qe7 33.f4 ( 33.f3 g6 ) ( 33.Nd1 ) 33...Nc4 34.Qxd3 ( 34.Nxc4 $2 Qxe4+ ) 34...Nxd2 35.Rxd2 Qxe4+ 36.Qxe4 Rxe4 ) 32.Ne3 g6 33.Bc3 {Now Wei Yi finally wins the annoying d-pawn.} 33...h5 34.Bxe5 Rxe5 35.Qxd3 Qe8 36.Re2 {Setting a small trap.} 36...Bg7 ( 36...Rxe4 $2 {loses material due to} 37.Ng4 $1 ) 37.Nc2 f5 $1 {The best chance for Ding. He weakens the e4 pawn.} 38.f3 fxe4 39.fxe4 Re7 40.Nd4 {White could have maneuvered further with} ( 40.Ne1 {but since the juicy e6- a-nd c6-squares lay on the road of the black bishop this trade will be more or less forced later.} ) 40...Bxd4 41.Qxd4 Re5 {Wei Yi has won a pawn, but the remaining pieces give good chances for a draw to his opponent in both the possible queen or rook endgames. On top of this the blockade of the extra e-pawn makes White's task rather difficult.} 42.Qd3 Kh7 43.Qc2 Qe7 44.h4 Kg7 45.Qd3 Kh7 46.Kh2 Kg7 47.Qd4 Kh7 48.Re3 {A mini-zugzwang. The king moves seemingly will allow the improvement of the white rook.} 48...g5 {Ding Liren decided to defend actively. This was not forced.} ( {True} 48...Kg7 49.Rc3 $1 {is good for White.} ) ( {But} 48...Kg8 ) ( {And even} 48...Kh6 {were perfectly possible as} 49.Rc3 {does not lead White anywhere after} 49...Rxe4 50.Qh8+ Qh7 ) 49.hxg5 Qxg5 ( 49...Kg6 $1 ) 50.Rf3 Re7 51.Rf4 Qg6 52.Rf6 $1 {White made a lot of progress and now that the blockade is gone his winning chances are much bigger.} 52...Qg5 ( 52...Rxe4 $2 {loses to} 53.Qa7+ ) ( {And} 52...Qxe4 $2 {is refuted by the cute} 53.Rf7+ $1 ) 53.Qf2 Kg7 54.Rxd6 {This forces matters. Around this moment Wei Yi had around three minutes left on the clock and Ding Liren six.} ( 54.Rf5 Qg4 55.Rf4 {followed by Qf2-f3 and Rf4-f5 should win.} ) 54...h4 55.Kh3 {Too sophisticated. White has serious winning chances after} ( 55.gxh4 Qe5+ 56.Qg3+ Qxg3+ 57.Kxg3 Rxe4 ) 55...hxg3 56.Qf5 ( {Or else there will be an instant draw after} 56.Qxg3 Qxg3+ 57.Kxg3 Rxe4 ) 56...Qxf5+ 57.exf5 {Now a rook endgame with limited number of pawns promises Ding a rest day and participation in the next round. Until one moment everything seems fine for him.} 57...Re4 ( 57...Re5 $5 {with the idea} 58.f6+ Kf7 59.Kxg3 Re4 {seems good for Black.} ) 58.Rg6+ Kf7 59.Rxg3 Rxb4 ( 59...Rd4 $1 {demolishing the most dangerous passer was the way to go.} ) 60.Rd3 Rc4 ( {Black misses another draw} 60...Rf4 $1 61.d6 Ke8 62.Rd5 Kd7 63.Kg3 Rc4 ) 61.d6 Rc8 $2 {Why? The rook should be left to work and it is the king's job to take care of the passer!} ( 61...Ke8 $1 {should lead to a draw.} ) 62.Kg4 Kf6 63.Kf4 {Now White wins but it ain't over yet.} 63...b4 64.Ke4 Rb8 65.Kd5 {This allows the black rook to do something. But I suspect that Wei Yi simply calculated faster than the computer that he promotes his pawn into a queen and went for it with his thirty seconds increment.} ( 65.Rb3 $1 {was the clear-cut win:} 65...Rb5 ( 65...Rh8 66.Kd5 ) 66.d7 Ke7 67.Rd3 Kd8 68.f6 Rh5 69.f7 Rh8 70.Ke5 b3 71.Rxb3 Kxd7 72.Kf6 ) 65...b3 66.d7 $1 {The only chance as} ( 66.Rd1 b2 67.Rb1 Rb5+ 68.Kc6 Rb3 {followed by long-distance checks is an instant draw.} ) 66...b2 67.Rb3 Rxb3 68.d8=Q+ Kxf5 {It seems as White should be easily winning but the tablebase claims it is a draw!} 69.Qd7+ Kg5 70.Qe7+ Kg4 71.Qe4+ Kg3 72.Qg6+ Kh4 {My hand is preventing me to give a question mark to this move although it loses the game.} ( {Strong is} 72...Kf3 $1 {when the difference in comparison to the game is that the black king is closer to its rook and can save it from the sad destiny:} 73.Qb1 Kf4 74.Kc4 Rb7 75.Qf1+ Ke5 76.Qe2+ Kd6 ) 73.Qb1 Kg5 74.Kc4 $1 {The rook is lost on the open board.} 74...Rb8 ( 74...Rb6 75.Qg1+ ) ( 74...Rb7 75.Qg1+ Kf5 76.Qc5+ Kf4 77.Qf2+ Ke5 78.Qd4+ Kf5 79.Qd5+ ) 75.Qg1+ Kf5 76.Qc5+ Kg4 77.Qd4+ Kf3 78.Qf6+ Ke4 79.Qe6+ Kf3 80.Qf5+ {If the previous game between the two Chinese top GMs was a thriller, how how about this one?} 1-0

[Event "E World Chess Cup"]
[Site "FIDE"]
[Date "2015.09.23"]
[Round "37.2"]
[White "Eljanov, Pavel"]
[Black "Nakamura, Hikaru"]
[Result "1-0"]
[WhiteElo "2723"]
[BlackElo "2814"]
[EventDate "2015.??.??"]
[Annotator "Bojkov,Dejan"]
[PlyCount "115"]
[Beauty "6530766212117"]
[EventType "team-tourn"]
[EventCountry "FID"]
[WhiteClock "0:07:59"]
[BlackClock "0:05:58"]

{[Annotations by GM Dejan Bojkov]} 
1.d4 d5 2.Nf3 Nf6 3.c4 e6 4.g3 Be7 5.Bg2 O-O 6.O-O dxc4 7.Qc2 a6 8.a4 Bd7 9.Qxc4 Bc6 10.Bg5 Bd5 ( 10...h6 11.Bxf6 Bxf6 12.Nc3 Bxf3 13.Bxf3 c6 14.e3 a5 15.h4 Na6 16.Rfd1 Qb6 17.Qe2 Rad8 {Eljanov,P (2723)-Adams,M (2740) Biel 2015} ) 11.Qc2 Be4 12.Qc1 {"A rare, sideline of the Catalan" - Eljanov.} ( 12.Qd1 {is much more popular. Giri-Leko was played in this theme in Baku a couple of rounds earlier.} ) 12...h6 13.Bxf6 Bxf6 14.Rd1 a5 15.Nbd2 Bh7 ( {In the recent predecessor Black chose} 15...Bxf3 {and Eljanov considered this move the critical line.} 16.Bxf3 c6 {but after} 17.Nc4 Nd7 18.Qd2 Be7 19.h4 $1 {White had slight but long lasting advantage without any counterplay for his opponent, Sasikiran,K (2682) -Svetushkin,D (2592) Moscow 2015} ) 16.Nb3 c6 17.Qc3 {White puts pressure on the a5-pawn thus obstructing Black's development.} 17...Be7 ( {White wins a pawn in case of} 17...Nd7 $6 18.Ne5 $1 Qc7 ( {Or alternatively will have large positional advantage after} 18...Bxe5 19.dxe5 Qc7 20.Rd6 ) 19.Nxd7 Qxd7 20.Nxa5 ) ( {Or} 17...Na6 $6 18.Nxa5 ) 18.Nc5 Qc7 19.Ne5 {Now the d7-square is locked for the black knight, but a6 is still available. This is where Nakamura goes.} 19...Na6 {Black wants to put the knight on b4 after which he will be completely fine. Obviously Nakamura was not afraid of what came next.} ( {If Black was afraid of the move in the game he might have chosen the preperatory} 19...Ra7 {To which White has two interesting plans to pressurize} 20.Bf3 $5 ( {Or he may simply push the pawns forward} 20.f4 Na6 21.e4 ) 20...Na6 21.Bh5 {In both cases White is somewhat better.} ) ( {The computer suggestion} 19...Rd8 {leads to stable advantage for White after} 20.Rac1 Bxc5 21.dxc5 ( {Or} 21.Qxc5 ) ) 20.Nxb7 $5 {The only way to create troubles for Black.} 20...Qxb7 21.Bxc6 Qc7 $6 {But this is a mistake. The general rule says that a rook and two pawns are usually better in the endgame when facing the two minor pieces. This is because the rook becomes significantly more active as the game opens; it has more room to maneuver.} ( {I believe Nakamura should have opted for} 21...Qa7 $1 22.Bxa8 Qxa8 {and after} 23.Qxa5 Rb8 {True, White has three pawns and a rook now (practically an extra exchange) but the black pieces control the board after say} 24.Qd2 Be4 {and the white queenside passers do not go anywhere.} ) ( {Or} 21...Qc8 $1 {which would lead to the same.} ) 22.Bxa8 Qxc3 ( {Or else White will take control of the open file} 22...Rxa8 23.Rac1 ) 23.bxc3 Rxa8 24.Nc6 $1 {A good practical decision. Eljanov deprives his opponent of the bishop pair. The less pieces there are on the board, the more dangerous the passers become.} 24...Bd8 25.Nxd8 Rxd8 26.f3 {"Now I have a clear plan to put my king on f2 and then slowly push the pawns. It is a very unpleasant position for Black" - Eljanov.} 26...Rc8 27.Ra3 $1 {At first sight this move seems illogical, but the idea is not only to defend the c3-pawn. White also wants to occupy the b-file and for this reason both white rooks stand better on the second rank, away from the black bishop.} ( {This is better than} 27.Rac1 Bg6 28.e4 Kf8 {when the white pawns cannot go forward fast.} ( 28...Rb8 29.Rb1 ) 29.c4 Ke7 30.c5 f5 $1 ) 27...Bg6 {Please, note that the black rook cannot occupy the b-file easily:} ( 27...Rb8 28.e4 Rb2 29.Raa1 $1 Rb3 30.Rdb1 Rxc3 31.Rb6 Nc7 $4 32.Rb8+ Ne8 33.Rxe8# ) 28.Kf2 Rb8 29.Rd2 f6 {"After this move, strangely enough he offered a draw," said Eljanov, "I am technically winning."} 30.Raa2 $1 {Now we can clearly see the idea behind Ra1-a3. White wins the only open file.} 30...Rb3 ( 30...Rc8 31.Rab2 ) 31.Rab2 Rxc3 32.Rb5 {"I thought it is already over for Black, but he put some pressure on me" - Eljanov.} 32...Bc2 33.Rxa5 Nc7 34.Ra7 f5 35.a5 Kh7 36.Rb7 Rc4 37.Rb6 Ba4 38.a6 Bc6 39.a7 Bd5 40.Ra2 {"I am forced to sacrifice the pawn on d4 as the one on a7 is the most important." - Eljanov} 40...Rxd4 41.Rc2 Na8 42.Ra6 Rd1 43.h4 $1 {"I have a clear plan to play h4-h5 and then to penetrate with the rooks along the seventh rank and attack the black king" - Eljanov.} 43...h5 {But now the g5-square is weakened and the white king can march there.} 44.Ke3 Rg1 45.Kf4 Rg2 46.Rd6 Rg1 47.Rc8 Ra1 48.Kg5 {White wins two pawns by force and the game.} ( {Eljanov demostrated the alternative winning plan after} 48.Rxd5 exd5 ( 48...Nb6 49.a8=Q ) 49.Rxa8 g6 50.Ke5 Ra5 51.e3 Kg7 52.Kd6 Kh7 53.Kc6 {and the threat Kc6-b6 forces the black rook to abandon the d-pawn. After this White simply advances the e pawn into queen.} ) 48...Rxa7 49.Rdd8 g6 50.Rh8+ Kg7 51.Rcg8+ Kf7 52.Rxg6 Ra6 53.Rh7+ Kf8 54.Kxh5 Nb6 55.Kg5 Nc4 56.h5 Nd6 57.Rf6+ Kg8 58.Rd7 1-0

[Event "E World Chess Cup"]
[Site "FIDE"]
[Date "2015.09.27"]
[Round "46.2"]
[White "Eljanov, Pavel"]
[Black "Karjakin, Sergey"]
[Result "1/2-1/2"]
[WhiteElo "2723"]
[BlackElo "2753"]
[EventDate "2015.??.??"]
[Annotator "Bojkov,Dejan"]
[PlyCount "154"]
[Beauty "4401959801864"]
[EventType "team-tourn"]
[EventCountry "FID"]
[WhiteClock "0:01:39"]
[BlackClock "0:14:04"]

{[Annotations by GM Dejan Bojkov]} 
1.d4 Nf6 2.c4 e6 3.Nf3 b6 4.g3 Ba6 5.b3 Bb4+ 6.Bd2 Be7 7.Bg2 c6 8.Bc3 d5 9.Ne5 Nfd7 {This line is quite topical nowadays and considered to be very solid for Black.} 10.Nxd7 Nxd7 11.Nd2 O-O 12.O-O Rc8 13.Re1 c5 14.cxd5 exd5 15.Rc1 ( {Topalov had tried instead} 15.e3 {against Adams when after} 15...Nf6 16.Qb1 Qd7 17.Qb2 cxd4 18.Bxd4 Bd3 19.Rac1 h5 $5 {Black managed to hold his own later, Topalov,V (2772)-Adams,M (2734) Sofia 2007} ) 15...cxd4 16.Bxd4 Nc5 17.Bb2 {A novelty. Instead Lukov tried to pressurize the isolated pawn with the cunning} ( 17.Nf3 Re8 18.Qd2 Bf8 19.Ng5 $5 h6 20.Nh3 {with the idea Nh3-f4, but Black found a very interesting reply to this maneuver} 20...Ne4 21.Qb2 g5 $1 {with counterplay in Lukov,V (2430)-Mateo,R (2385) Rio Gallegos 1986} ) 17...d4 $6 {Karjakin would be happy to trade the isolani and seal the draw, but it seems as he had missed something in his calculations. What follows is more or less forced} 18.Nf3 d3 19.exd3 Nxd3 20.Rxc8 Qxc8 21.Rxe7 Nxb2 {Now this knight is stuck in White's camp and is in danger.} 22.Qd7 ( 22.Qd2 $5 {might be even stronger with the idea to meet} 22...Nd3 23.Rxa7 Rd8 {with the strong} 24.Nd4 $1 Nc1 25.Qf4 {and there is no time for} 25...Rxd4 $2 26.Qxf7+ Kh8 27.Qxg7# ) 22...Qc1+ 23.Re1 Qc8 24.Qxc8 ( {Now} 24.Qd2 {is coming with a loss of a tempo, although White is better after} 24...Nd3 25.Re7 Rd8 26.Qe3 ) 24...Rxc8 {Karjakin managed to get rid of the isolated pawn but some problems remain. White's pieces are more active and the knight on b2 is still misplaced.} 25.Bh3 Rd8 ( {Peter Svidler suggested} 25...Nd3 26.Bxc8 Nxe1 27.Bxa6 Nxf3+ 28.Kg2 Nd4 {followed by bringing the king to d6 and playing ...f6.} ) 26.Ne5 g6 $6 ( {Here} 26...Rd1 27.Rxd1 Nxd1 28.Nc6 Nc3 $1 {would have led to a quick draw.} ) 27.Bf1 Bxf1 28.Kxf1 a5 ( {To free the knight is not as easy as it seems:} 28...Kg7 29.Ke2 f6 30.Nc6 Rd7 31.Rb1 Nd3 32.Rd1 Rc7 33.Rxd3 Rxc6 34.Rd7+ {would win a pawn for White.} ) ( 28...Rd6 $5 {to control the critical c6-square might have been best. For example} 29.Re3 Nd1 30.Re2 Re6 {and Black equalizes.} ) 29.Re3 ( 29.Ke2 $5 {deserved attention} 29...Re8 30.Kd2 Rd8+ 31.Kc2 f6 32.Nc6 Nd3 33.Nxd8 Nxe1+ 34.Kc3 {with chances for White.} ) 29...f6 30.Ng4 Kf7 31.Rc3 h5 ( 31...Nd3 32.Rc7+ ) 32.Ne3 $1 {The presence of knights on the board is always dangerous for the defender. The arising minor endgame might easily be lost for him.} ( 32.Rc7+ Ke6 33.Ne3 Nd1 ) 32...Nd3 33.Rc7+ Ke6 34.Rb7 Nc1 35.Rxb6+ Kf7 {Or else White reaches a knight endgame a pawn up.} ( 35...Rd6 36.Rxd6+ Kxd6 37.Nc4+ Kc5 38.Nxa5 Nxa2 39.Ke2 ) 36.Rb7+ Ke6 37.Rb6+ Kf7 38.a4 Rd3 39.b4 axb4 40.Rxb4 Ra3 {Eljanov won a pawn and has realistic winning chances.} 41.Nc4 ( {The computer recommends instead} 41.Rb7+ Kf8 ( 41...Ke6 42.Rb6+ Kf7 43.Nd5 {is similar but with more active black king.} ) 42.Nd5 Rxa4 43.Nxf6 {but not many humans will trade the outside passer for one on the kingside here. Ater all, if Black manages to trade the knights that would be a theoretical draw. Even the knight endgame should be a draw in most of the cases.} ) 41...Ra1 42.Kg2 Nd3 43.Rb7+ Ke6 44.Rb6+ Ke7 45.a5 Ra4 {Now the black pieces get perfectly coordinated.} 46.Rc6 Ne1+ 47.Kf1 Nf3 48.Rc7+ Ke6 49.Ke2 ( 49.Kg2 Ne1+ 50.Kf1 Nf3 {repeats the position.} ) 49...Nxh2 50.Kd3 Nf3 ( 50...Ng4 $1 {was more subtle with a draw after} 51.f4 Nf2+ 52.Ke3 Nh1 53.Kf3 Ra2 $1 ) 51.Rc6+ Kf5 52.Kc3 g5 53.Rc5+ Ke6 $6 {This move allows incredible, study-like play for White. Obviously Karjakin did not like the line} ( 53...Kg6 54.Kb3 Ra1 55.Na3 Re1 56.a6 {but this was to be preferred to the game continuation.} ) 54.Kb3 ( {Instead} 54.Nb6 Ra2 55.Kb3 Rd2 {to remove the black rook from the a-file was called for. Then White had the incredible resource:} 56.a6 Rd6 57.Nd5 $3 {When Black has to defend very carefully with} ( 57.Nc4 Rxa6 ) ( 57.Rb5 $4 Nd4+ ) 57...Nd4+ ( 57...Rxa6 $4 58.Nc7+ ) ( 57...Rxd5 $4 58.Rxd5 Kxd5 59.a7 ) 58.Kc4 Nc6 59.f4 $1 Na7 60.fxg5 fxg5 61.Nb4 h4 $1 62.Rxg5 hxg3 63.Rxg3 Rd1 {and should most likely survive.} ) 54...Ra1 55.Kb2 Ra4 56.Kb3 Ra1 57.Kb2 Ra4 58.Nb6 Rb4+ 59.Ka3 Rb1 60.Ka2 Rb4 61.Rc6+ Kf5 62.a6 {This is still dangerous for Black but he manages to survive.} 62...Ne5 63.Rxf6+ $1 ( 63.a7 Nxc6 64.a8=Q Rxb6 {should be a draw.} ) 63...Kxf6 64.Nd5+ ( {Once more White can promote to a queen but this will be a fortress only after} 64.a7 Rxb6 65.a8=Q Nf7 ) 64...Ke6 65.Nxb4 Nd7 66.Nd3 Kd6 67.a7 Nb6 {Karjakin calculated everything very well.} 68.Kb3 Kc7 69.Kc3 Kb7 70.Kd4 Kxa7 71.Ke4 Nc4 72.Ne5 Nb2 73.Nf7 h4 74.Nxg5 hxg3 75.fxg3 Kb7 76.g4 Kc8 77.Kf5 Nd1 1/2-1/2